Le saleil / (Record no. 37062)

MARC details
000 -LEADER
campo de control de longitud fija 00487nam a2200181 i 4500
001 - NÚMERO DE CONTROL
campo de control 37062
003 - IDENTIFICADOR DE NÚMERO DE CONTROL
campo de control ES-MaACL
005 - FECHA Y HORA DE LA ÚLTIMA TRANSACCIÓN
campo de control 20230906155509.0
007 - CAMPO FIJO DE DESCRIPCIÓN FÍSICA--INFORMACIÓN GENERAL
campo de control de longitud fija t|
008 - DATOS DE LONGITUD FIJA--INFORMACIÓN GENERAL
campo de control de longitud fija 030220s1931 fr ||||1| fre d
100 1# - ENTRADA PRINCIPAL--NOMBRE DE PERSONA
Nombre de persona Bruhat, Georges.
9 (RLIN) 32109
245 13 - MENCIÓN DEL TÍTULO
Título Le saleil /
Mención de responsabilidad, etc. Georges Bruhat.
260 ## - PUBLICACIÓN, DISTRIBUCIÓN, ETC.
Lugar de publicación, distribución, etc. París :
Nombre del editor, distribuidor, etc. Félix Alcan.,
Fecha de publicación, distribución, etc. 1931 (
Fabricante Presses Universitaires)
300 ## - DESCRIPCIÓN FÍSICA
Extensión 240 p. :
Otras características físicas 16 plan. ;
Dimensiones 19 cm.
650 #4 - PUNTO DE ACCESO ADICIONAL DE MATERIA--TÉRMINO DE MATERIA
Término de materia o nombre geográfico como elemento de entrada Sol.
9 (RLIN) 188781
852 ## - LOCALIZACIÓN
Ubicación ES-MaACL
Número de control de estantería A-534
Holdings
Estatus retirado Estado de pérdida Estado de daño No para préstamo Biblioteca de origen Biblioteca actual Ubicación en estantería Fecha de adquisición Fuente de adquisición Total de préstamos Signatura topográfica completa Código de barras Visto por última vez Precio de reemplazo Tipo de ítem Koha
        Biblioteca del Ateneo de Madrid Biblioteca del Ateneo de Madrid Sala Pecera Planta 1 17/01/2008     A-534 1038992 23/02/2023 23/02/2023 Libro impreso